| 000 | 00748nam a2200217Ii 4500 | ||
|---|---|---|---|
| 003 | JO-AjNU | ||
| 008 | 230605s9999||||xx |||||||||||||| ||und|| | ||
| 040 |
_aJO-AjNU _bara _erda _cJO-AjNU |
||
| 041 | _aara | ||
| 050 | 1 | 4 | _aPJ7840.A2.Z82 2003 |
| 100 | 3 |
_aتأليف عودة،علي, _eauthor _98097 |
|
| 245 | 0 | 0 | _aالفن الروائي عند جبرا إبراهيم جبرا |
| 250 | _aط1 | ||
| 264 | 3 | 1 | _aفلسطين:المؤسسة الفلسطينية للإرشاد القومي،2003 |
| 300 | _a186ص | ||
| 336 |
_atext _btxt _2rdacontent |
||
| 337 |
_aunmediated _bn _2rdamedia |
||
| 338 |
_avolume _bnc _2rdacarrier |
||
| 490 | 0 | _aسلسلة ثقافة وإبداع | |
| 650 | 4 |
_a الشعر العربي - تاريخ ونقد _98098 |
|
| 999 |
_aA614 _c4182 _d4182 |
||